| 000 | 00637nam a2200253 a 4500 | ||
|---|---|---|---|
| 003 | AR-BaBNM | ||
| 005 | 20251128203731.0 | ||
| 008 | 082120s2002 ||||||||||||||000 | spa|| | ||
| 040 | _cAR-BaBNM | ||
| 100 | 1 | _aValbuena Prat, Angel | |
| 245 | 0 | 0 |
_aHistoria de la literatura española _n3 |
| 250 | _a8ª ed. aum. y corr. | ||
| 260 |
_aBarcelona _bGustavo Gili _c1968 |
||
| 300 | _a638 p. | ||
| 650 | 4 | _aHISTORIA LITERARIA | |
| 650 | 4 | _aLITERATURA ESPAÑOLA | |
| 650 | 4 | _aROMANTICISMO | |
| 650 | 4 | _aPOESIA | |
| 653 | _aMODERNISMO | ||
| 653 | _aVANGUARDIAS LITERARIAS | ||
| 655 | _aLITERATURA | ||
| 942 | _cBK | ||
| 998 | _cisola | ||
| 999 |
_c4700 _d4700 |
||